| 000 | 00530cam a22002054a 4500 | ||
|---|---|---|---|
| 005 | 20250605164259.0 | ||
| 008 | 250528s ||||||||||||||||||||||||d | ||
| 035 | _a21987 | ||
| 020 | _a9781861523037 | ||
| 040 |
_aGR-AtMCL _bgre _dGR-AtMCL _eAACR2 |
||
| 245 | 1 | _aMARKETING TOURISM HOSPITALITY AND LEISURE IN EUROPE | |
| 250 | _a1 | ||
| 260 |
_bThomson Business Press, _c1997 |
||
| 300 | _a702 | ||
| 700 | 1 |
_aHorner Susan _93469 |
|
| 700 | 1 |
_aSwarbrooke John _93470 |
|
| 942 | _cBK | ||
| 999 |
_c7043 _d7043 |
||